|
|
|
|
| LEADER |
00000cas a2200000 a 4500 |
| 001 |
vtls010299662 |
| 003 |
SK-MaSNL |
| 005 |
20260228162734.0 |
| 008 |
110810d19591964xo mr|p 0 b0slo |
| 040 |
|
|
|a SNK
|b slo
|c SNK
|e AACR2
|
| 041 |
0 |
|
|a slo
|a cze
|
| 044 |
|
|
|a xo
|a xr
|c SK
|c CZ
|
| 072 |
|
7 |
|a 00
|x Veda. Všeobecnosti. Základy vedy a kultúry. Vedecká práca
|2 konspekt
|
| 080 |
|
|
|a 001
|2 2001
|
| 080 |
|
|
|a 050
|2 2001
|
| 245 |
0 |
0 |
|a Bulletin Československej akadémie vied a Slovenskej akadémie vied
|
| 260 |
|
|
|a Bratislava
|a Praha
|b Tlačové oddelenie predsedníctva Slovenskej akadémie vied v Bratislave
|b ČSAV v Prahe
|c 1959-1964
|
| 300 |
|
|
|a 6 zv.
|c 30 cm
|
| 310 |
|
|
|a 1x mesačne
|
| 362 |
|
|
|a Roč. I (V), č. 1 (1959)-roč. X, č. 12 (1964)
|
| 500 |
|
|
|a Vyd. tlačové oddelenie predsedníctva Slovenskej akadémie vied v Bratislave za spolupráce ČSAV v Prahe
|
| 546 |
|
|
|a Vychádzal aj v českom jazyku
|
| 580 |
|
|
|a Nadviazal na Zpravodaj akadémie
|
| 610 |
2 |
7 |
|a Slovenská akadémia vied
|2 SNKKA
|9 125200
|
| 610 |
2 |
7 |
|a Československá akadémia vied
|2 SNKKA
|9 34105
|
| 650 |
0 |
7 |
|a veda
|2 SNKPH
|9 1599
|
| 655 |
|
7 |
|a špecializované časopisy
|2 SNKPH
|9 70509
|
| 780 |
0 |
0 |
|t Zpravodaj Akadémie
|w vtls010300963
|
| 910 |
|
|
|a snk
|
| 916 |
|
|
|a 1959-1964
|
| 958 |
|
|
|a OND
|
| 999 |
|
|
|c 8280
|d 10210
|
| 952 |
|
|
|0 0
|1 0
|4 0
|7 0
|a SNK
|b SNK
|d 2015-05-21
|f 1
|i snkČIP 1079/61
|l 0
|o snkČSB 1324/1[5]/1959
|p 17A0750402
|r 2026-02-21 21:34:52
|t č. 1-12, neúplné
|w 2026-02-21
|y PREZ
|z chýba č. 12
|
| 952 |
|
|
|0 0
|1 0
|4 0
|7 0
|a SNK
|b SNK
|d 2015-05-21
|f 1
|i snkČIP 6425/61
|l 0
|o snkČSB 1324/6/1960
|p 17A0750401
|r 2026-02-21 21:34:52
|t č. 1-12, neúplné
|w 2026-02-21
|y PREZ
|z chýba č. 11, 12
|
| 952 |
|
|
|0 0
|1 0
|4 0
|7 0
|a SNK
|b SNK
|d 2015-05-21
|f 1
|i snkČSP 325/62
|l 0
|o snkČSB 1324/7/1961
|p 17A0750396
|r 2026-02-21 21:34:52
|t č. 1-12
|w 2026-02-21
|y PREZ
|
| 952 |
|
|
|0 0
|1 0
|4 0
|7 0
|a SNK
|b SNK
|d 2015-05-21
|f 1
|i snkČSP 905/63
|l 0
|o snkČSB 1324/8/1962
|p 17A0750395
|r 2026-02-21 21:34:52
|t č. 1-12
|w 2026-02-21
|y PREZ
|
| 952 |
|
|
|0 0
|1 0
|4 0
|7 0
|a SNK
|b SNK
|d 2015-05-21
|f 1
|i snkČSP 577/64
|l 0
|o snkČSB 1324/9/1963
|p 17A0750394
|r 2026-02-21 21:34:52
|t č. 1-12
|w 2026-02-21
|y PREZ
|
| 952 |
|
|
|0 0
|1 0
|4 0
|7 0
|a SNK
|b SNK
|d 2015-05-21
|f 1
|i snkČSP 678/65
|l 0
|o snkČSB 1324/10/1964
|p 17A0750393
|r 2026-02-21 21:34:52
|t č. 1-12
|w 2026-02-21
|y PREZ
|